The Beach Boys Song Titles in French - Statistics

General Stats
  • This quiz has been taken 109 times
  • The average score is 9 of 16
Answer Stats
Hint Answer % Correct
Bonnes vibrations Good Vibrations
99%
Filles de Californie California Girls
94%
Aidez-moi Rhonda Help Me Rhonda
93%
Amusant amusant amusant Fun Fun Fun
87%
Dans ma chambre In My Room
77%
Fille surfeuse Surfer Girl
69%
Héros et méchants Heroes and Villains
51%
Ne serait-ce pas bien Wouldn't It Be Nice
47%
Veux-tu danser Do You Wanna Dance
39%
Chérie Darlin'
33%
Quand je serai grand (pour être un homme) When I Grow Up (To Be a Man)
33%
Je me déplace I Get Around
31%
Je peux entendre de la musique I Can Hear Music
29%
Soyez fidèle à votre école Be True To Your School
27%
Miel sauvage Wild Honey
23%
Refais-le Do It Again
19%
No matching quizzes found
Score Distribution
Percent of People with Each Score
Percentile by Number Answered
Your Score History
You have not taken this quiz